000 00841nam a2200229 a 4500
001 47858
003 BD-RjUL
005 20211209054416.0
008 160810s1991 ii ||||| |||| 00| 0 ben d
020 _c: Tk. 50.00
035 _a(BD-RjUL)47977
040 _aBD-RjUL
_bben
_cBD-RjUL
041 _aben
082 _a781.75409
_bCHB 1991
100 _aচৌধুরী, নারায়ণ
_9118342
245 1 0 _aবাংলা গানের জগৎ /
_cনারায়ণ চৌধুরী
260 _aকলিকাতা :
_bফার্মা কেএলএম,
_c১৯৯১
300 _a[৮], ৯৯ পৃ. ;
_c২০ সেমি.
650 _aসংগীত
_zভারত
_yইতিহাস ও সমালোচনা
_9145270
650 _aMusic
_z India
_xHistory and criticism
_9145271
942 _2ddc
_cBK
999 _c47858
_d47858